000 00760nam a2200241Ia 4500
999 _c8628
_d8628
005 20240530095605.0
008 140319s9999 xx 000 0 ara d
017 _bمصر. دار الكتب
020 _a0396825590
040 _aGCL /
_cGCL
082 0 4 _a155.234
_bا ق
_221
100 1 _aابراهيم الفقى
245 1 0 _aقوة التحكم فى الذات /
_cابراهيم الفقى
260 _aالقاهرة :
_c2000
300 _a111 ص ؛
_c16 سم
650 0 4 _aالعقل الباطن
_2qrmak
650 0 4 _aالذات
_2qrmak
650 0 4 _aالانا والذات
_2qrmak
650 0 4 _aالشخصية - اضطرابات
_2qrmak
650 0 4 _aالصفات والذات - تاريخ
_2qrmak
651 _2qrmak
942 _2ddc
_cBK